Diseño de Pavimento Rígido para 6.6 kilómetros de calle, en lotificación colonias del Diamante, Estelí
Diseño de pavimento rígido para las calles del proyecto, Lotificación Colinas del diamante, en el departamento de Estelí. Estudios de tráfico y encuestas a posibles habitantes en el residencial, para obtener un TPDS y guiarnos con el diseño de pavimentos cuando no existen ejes disponibles por...
| Main Authors: | , |
|---|---|
| Other Authors: | |
| Format: | Tesis Section = Libro |
| Language: | Undetermined Spanish |
| Published: |
Managua
UNI/RUACS
2018
|
| Subjects: |
| LEADER | 01216nam a2200277Ia 4500 | ||
|---|---|---|---|
| 008 | 240830s9999 xx 000 0 und d | ||
| 040 | |a BIBLIOTECA-RUPAP Mon 625.85 R696 | ||
| 041 | |a spa | ||
| 082 | |a Mon 625.85 R696 | ||
| 100 | 1 | |a Rodríguez Palacios, Ángel José | |
| 100 | 1 | |b Zeaz Moran, Alder Enrique | |
| 245 | 1 | 0 | |a Diseño de Pavimento Rígido para 6.6 kilómetros de calle, en lotificación colonias del Diamante, Estelí |
| 260 | |a Managua |b UNI/RUACS |c 2018 | ||
| 300 | |a 61 p. :il. | ||
| 500 | |a Contiene: anexos y CD. | ||
| 502 | |a Tesis (Ingeniero Civil)- UNI, 2018. | ||
| 520 | 3 | |a Diseño de pavimento rígido para las calles del proyecto, Lotificación Colinas del diamante, en el departamento de Estelí. Estudios de tráfico y encuestas a posibles habitantes en el residencial, para obtener un TPDS y guiarnos con el diseño de pavimentos cuando no existen ejes disponibles por el método PCA. | |
| 650 | 7 | |a PAVIMENTOS | |
| 650 | 7 | |b PAVIMENTOS DE HORMIGÓN | |
| 650 | 7 | |c CONSTRUCCIÓN DE HORMIGÓN | |
| 650 | 7 | |d CALLES- DISEÑO Y CONSTRUCCIÓN | |
| 650 | 7 | |e ASFALTOS | |
| 700 | 1 | |a Tutor: |b Lanuza Blandón, Denis Alberto | |
| 942 | |c BK |2 ddc | ||
| 991 | |a TESIS | ||
| 999 | |c 16137 | ||